000 nam a22 7a 4500
999 _c153554
_d153552
005 20200113101421.0
008 200113b xxu||||| |||| 00| 0 eng d
020 _a9788491480174
050 0 4 _aK3240
_bB37 2016
100 1 _aBarranco Avilés, Ma. del Carmen
_d[1971- ]
245 1 0 _aCondición humana y derechos humanos :
_bAlgunas claves filosóficas para un modelo contemporáneo de derechos /
_cMa. del Carmen Barranco Avilés
250 _a1a ed.
260 _aMadrid :
_bDykinson,
_c2016
300 _a152 páginas ;
_c21 cm
504 _aBibliografía p.147-152
650 7 _aDerecho
_xFilosofía
650 7 _aDerechos humanos
942 _2lcc
_cLIB